The practice of english language teaching (Record no. 17006)
[ view plain ]
| 000 -LEADER | |
|---|---|
| fixed length control field | 00301nam a22001217a 4500 |
| 008 - FIXED-LENGTH DATA ELEMENTS--GENERAL INFORMATION | |
| fixed length control field | 140219t xxu||||| |||| 00| 0 eng d |
| 020 ## - INTERNATIONAL STANDARD BOOK NUMBER | |
| International Standard Book Number | 0-582-40385-5 |
| 100 ## - MAIN ENTRY--PERSONAL NAME | |
| Personal name | Jeremy Harmer |
| 9 (RLIN) | 749 |
| 245 ## - TITLE STATEMENT | |
| Title | The practice of english language teaching |
| 250 ## - EDITION STATEMENT | |
| Edition statement | Third Edition |
| 300 ## - PHYSICAL DESCRIPTION | |
| Extent | 370 |
| 942 ## - ADDED ENTRY ELEMENTS (KOHA) | |
| Source of classification or shelving scheme | |
| Koha item type | Book |
| Withdrawn status | Lost status | Source of classification or shelving scheme | Damaged status | Not for loan | Collection code | Permanent Location | Current Location | Date acquired | Total Checkouts | Full call number | Barcode | Date last seen | Price effective from | Koha item type | Date last checked out |
|---|---|---|---|---|---|---|---|---|---|---|---|---|---|---|---|
| Atta-ur-Rahman School of Applied Biosciences (ASAB) | Atta-ur-Rahman School of Applied Biosciences (ASAB) | 02/19/2014 | 428.07 HAR | ASAB115 | 02/19/2014 | 02/19/2014 | Book | ||||||||
| Atta-ur-Rahman School of Applied Biosciences (ASAB) | Atta-ur-Rahman School of Applied Biosciences (ASAB) | 02/19/2014 | 1 | 428.07 HAR | ASAB114 | 08/31/2016 | 02/19/2014 | Book | 06/02/2016 |
